Ethnonationalism in India : (Record no. 69537)

MARC details
000 -LEADER
fixed length control field 01232nam a22002657a 4500
005 - DATE AND TIME OF LATEST TRANSACTION
control field 20120830113420.0
010 ## - LCCN (DPL NO)
LC control number ENG-105699
020 ## - INTERNATIONAL STANDARD BOOK NUMBER
International Standard Book Number 9780198088400
Terms of availability 495.00
020 ## - INTERNATIONAL STANDARD BOOK NUMBER
International Standard Book Number 019808840x
Terms of availability 495.00
035 ## - SYSTEM CONTROL NUMBER
System control number EN-89232
037 ## - SOURCE OF ACQUISITION
Source of stock number/acquisition DBAD/PUB
082 ## - DEWEY DECIMAL CLASSIFICATION NUMBER
Classification number 320.954
245 ## - TITLE STATEMENT
Title Ethnonationalism in India :
Statement of responsibility, etc edited by Sanjib Baruah
Remainder of title a reader /
260 ## - PUBLICATION, DISTRIBUTION, ETC. (IMPRINT)
Place of publication, distribution, etc New Delhi
Name of publisher, distributor, etc Oxford University Press
Date of publication, distribution, etc 2012
270 ## - ADDRESS
Address YMCA Library Building ,Jai Singh Road
City New Delhi
Postal code 110001
300 ## - PHYSICAL DESCRIPTION
Extent xi,519p.
Dimensions 23cm(pbk)
490 ## - SERIES STATEMENT
Series statement Critical issues in Indian politics ; edited by Francine R. Frankel, Zoya Hasan [and] Kanti Bajpai
-- 51805
500 ## - GENERAL NOTE
General note Includes bibliographical references
520 ## - SUMMARY, ETC.
Summary, etc Contributed articles on ethnic politics in India.
650 ## - SUBJECT ADDED ENTRY--TOPICAL TERM
Topical term or geographic name as entry element Nationalism
Geographic subdivision India.
700 ## - ADDED ENTRY--PERSONAL NAME
Personal name Baruah, Sanjib
9 (RLIN) 7485
942 ## - ADDED ENTRY ELEMENTS (KOHA)
Source of classification or shelving scheme Dewey Decimal Classification
Item type English Books
Classification part 320.954
Call number suffix ETH
Holdings
Withdrawn status Lost status Not for loan Collection code Home library Current library Date acquired Source of acquisition Cost, normal purchase price Full call number Barcode Copy number Cost, replacement price Koha item type
    Not For Loan Non-fiction D.B.Act.Division D.B.Act.Division 30/08/2012 DBAD / PUB 495.00 320.954 ETH EN-89232 1 495.00 English Books

© Delhi Public Library
Hit Counter
free hit counter